|
|
|
|
| LEADER |
00000cam a2200000 a 4500 |
| 001 |
UCL2785 |
| 003 |
CL-VaPUC |
| 008 |
031107e19940000CL |||||||||||||||||spa|d |
| 082 |
0 |
4 |
|a 371.9
|b PIN
|2 21
|
| 100 |
0 |
|
|a Pinto Guevara, Arturo R
|e author
|9 479898
|
| 700 |
|
|
|a Oyarzo González, Enrique
|e autor
|9 479899
|
| 700 |
0 |
|
|a Maray Hernández, Virginia
|e author
|9 479900
|
| 700 |
0 |
|
|a Godoy Grasso, Jimena
|e author
|9 479901
|
| 245 |
1 |
0 |
|a Desarrollo y reeducación del lenguaje lector: primer ciclo E.G.B
|
| 300 |
|
|
|a 115 p
|
| 942 |
|
|
|c BK
|
| 945 |
|
|
|d 20031107 00:00:00
|a vberengu
|
| 260 |
|
|
|a Santiago
|b C.P.E.I.P
|c 1994
|
| 650 |
|
0 |
|a Aprendizaje
|9 254827
|
| 650 |
|
0 |
|a Trastornos del aprendizaje
|9 307969
|
| 650 |
|
0 |
|a Métodos de enseñanza
|9 270413
|
| 583 |
|
|
|a last modification
|c 20120614 11:16:19
|k Rodrigo Vera
|
| 999 |
|
|
|c 305977
|d 305975
|
| 952 |
|
|
|0 0
|1 0
|4 0
|6 371_900000000000000_PIN_1994
|7 0
|8 A
|9 370591
|a BIBEDU
|b BIBEDU
|d 2019-11-21
|i 396034K
|o 371.9 PIN 1994
|p 396034K
|r 2019-11-21
|w 2019-11-21
|y BK
|k EBA
|
| 952 |
|
|
|0 0
|1 0
|4 0
|6 371_900000000000000_PIN_1994
|7 0
|8 A
|9 370593
|a BIBEDU
|b BIBEDU
|d 2019-11-21
|i 4877276
|o 371.9 PIN 1994
|p 4877276
|r 2019-11-21
|w 2019-11-21
|y BK
|k EDI
|